<?xml version="1.0" encoding="UTF-8"?>
<record
    xmlns:xsi="http://www.w3.org/2001/XMLSchema-instance"
    xsi:schemaLocation="http://www.loc.gov/MARC21/slim http://www.loc.gov/standards/marcxml/schema/MARC21slim.xsd"
    xmlns="http://www.loc.gov/MARC21/slim">

  <leader>02201cam a2200181   4500500</leader>
  <controlfield tag="005">20260524000253.0</controlfield>
  <datafield tag="041" ind1=" " ind2=" ">
    <subfield code="a">fre</subfield>
  </datafield>
  <datafield tag="042" ind1=" " ind2=" ">
    <subfield code="a">dc</subfield>
  </datafield>
  <datafield tag="100" ind1="1" ind2="0">
    <subfield code="a">Kelsay, Kimberly J.</subfield>
    <subfield code="e">author</subfield>
  </datafield>
  <datafield tag="700" ind1="1" ind2="0">
    <subfield code="a">Le Houezec-Jacquemain, Fr&#xE9;d&#xE9;rique</subfield>
    <subfield code="e">author</subfield>
  </datafield>
  <datafield tag="245" ind1="0" ind2="0">
    <subfield code="a">Actualit&#xE9;s cliniques et biologiques</subfield>
  </datafield>
  <datafield tag="260" ind1=" " ind2=" ">
    <subfield code="c">2026.
							</subfield>
  </datafield>
  <datafield tag="500" ind1=" " ind2=" ">
    <subfield code="a">64</subfield>
  </datafield>
  <datafield tag="520" ind1=" " ind2=" ">
    <subfield code="a">R&#xE9;sum&#xE9;La batterie MacArthur d&#x2019;histoires &#xE0; compl&#xE9;ter est une m&#xE9;thode structur&#xE9;e dont le but est d&#x2019;engager l&#x2019;enfant dans un jeu narratif. Le cadre procur&#xE9; par l&#x2019;ensemble d&#x2019;histoires peut se r&#xE9;v&#xE9;ler tr&#xE8;s utile dan le processus th&#xE9;rapeutique avec les jeunes enfants et leurs familles. Elle permet &#xE0; certains enfants de r&#xE9;v&#xE9;ler plus facilement les types de conflits qui les animent, et facilite l&#x2019;engagement avec le th&#xE9;rapeute, tout en aidant les uns et les autres &#xE0; diminuer leur anxi&#xE9;t&#xE9; vis-&#xE0;-vis de la th&#xE9;rapie. Les s&#xE9;ances peuvent &#xEA;tre enregistr&#xE9;es en vid&#xE9;o, et revues avec certains membres de la famille, de fa&#xE7;on &#xE0; permettre que celle-ci facilite la th&#xE9;rapie de l&#x2019;enfant. Finalement, ce cadre permet l&#x2019;&#xE9;tablissement d&#x2019;une base de donn&#xE9;es comparative propre au clinicien, utile tant &#xE0; son activit&#xE9; diagnostique que th&#xE9;rapeutique.</subfield>
  </datafield>
  <datafield tag="520" ind1=" " ind2=" ">
    <subfield code="a">The MacArthur Story Stem Battery is a structured method for engaging children in play narratives. The structure provided by the Mac Arthur Story Stem Battery can be very useful in the therapeutic process of working with young children and families. The structure enables some children to reveal areas that they are struggling with quickly, and helps the child engage with the therapist. The structure also helps to alleviate both the child&#x2019;s and the clinician&#x2019;s anxiety about therapy. Sessions can be videotaped and reviewed with relevant family as a means to engage family in supporting therapy with the child. Finally, the structure facilitates the formation of a comparative internal data base for the clinician to access both for diagnostic and therapeutic process purposes.</subfield>
  </datafield>
  <datafield tag="786" ind1="0" ind2=" ">
    <subfield code="n">H&#xE9;matologie | 32 | 1 | 2026-04-09 | p. 6-12 | 1264-7527</subfield>
  </datafield>
  <datafield tag="856" ind1="4" ind2="1">
    <subfield code="u">https://stm.cairn.info/revue-hematologie-2026-1-page-6?lang=fr&amp;redirect-ssocas=7080</subfield>
  </datafield>
  <datafield tag="999" ind1=" " ind2=" ">
    <subfield code="c">2249107</subfield>
    <subfield code="d">2249107</subfield>
  </datafield>
</record>
